Match the Plot Clue to the Fantasy Movie - Statistics

General Stats
  • This quiz has been taken 79 times
  • The average score is 15 of 18
Answer Stats
Hint Answer % Correct
A girl follows a white rabbit into a strange world. Alice in Wonderland
100%
A boy's life changes forever with just 3 words..."You're a wizard." Harry Potter and the Sorcerer's Stone
99%
A boy finds a golden ticket to a world of pure imagination. Willy Wonka & the Chocolate Factory
99%
A forgotten board game turns the real world into a jungle. Jumanji
97%
There are certain drawbacks to having shears for fingers. Edward Scissorhands
96%
A child reads a book...that goes on forever. The Neverending Story
94%
A bookish girl trades her freedom for her father’s. Beauty and the Beast
93%
A lost girl tries to reach the end of the golden stone street. The Wizard of Oz
88%
A prison guard discovers a death row inmate with miraculous powers. The Green Mile
86%
A cosmic hero battles Skeletor after crash-landing on Earth. Masters of the Universe
83%
A Gelfling seeks to restore balance to his world by returning a lost shard. The Dark Crystal
81%
Title character seeks vengeance after Thulsa Doom kills his parents. Conan the Barbarian
80%
The only way to save her baby brother is through the maze. Labyrinth
78%
A farmhand attempts to rescue Princess Buttercup. The Princess Bride
78%
In Francoist Spain, a girl meets a faun who tests her with eerie tasks. Pan's Labyrinth
71%
A small-statured man and his family find a baby floating down the river. Willow
65%
Darkness himself hates unicorns. Legend
57%
Six dwarfs emerge from the closet of young history buff Kevin. Time Bandits
57%
No matching quizzes found
Score Distribution
Percent of People with Each Score
Percentile by Number Answered
Your Score History
You have not taken this quiz